| 000 | 00638nam a2200181Ia 4500 | ||
|---|---|---|---|
| 008 | 100921s9999 xx 000 0 und d | ||
| 082 |
_b29775 _a891.463 थ 98 |
||
| 100 | _aफडके सुमन. | ||
| 245 | _aसावलीतल्या झळा. | ||
| 260 |
_bप्रपंच प्रकाशन, पुण्ेा. _c1998 |
||
| 300 |
_a112 _bरसिक साहित्य,पुणे |
||
| 365 | _b50 | ||
| 520 | _aललित-कथा. | ||
| 630 | _aसावलीतल्या झळा. | ||
| 650 | _aललित-कथा. | ||
| 730 | _aसावलीतल्या झळा. | ||
| 942 | _cBOOK | ||
| 999 |
_c778888 _d778885 |
||